<?xml version="1.0" encoding="UTF-8"?>
<record
    xmlns:xsi="http://www.w3.org/2001/XMLSchema-instance"
    xsi:schemaLocation="http://www.loc.gov/MARC21/slim http://www.loc.gov/standards/marcxml/schema/MARC21slim.xsd"
    xmlns="http://www.loc.gov/MARC21/slim">

  <leader>00657nai a22001817a 4500</leader>
  <controlfield tag="003">OSt</controlfield>
  <controlfield tag="005">20140902171736.0</controlfield>
  <controlfield tag="008">130516c2011    xxu||||| |||| 00| b eng d</controlfield>
  <datafield tag="040" ind1=" " ind2=" ">
    <subfield code="c">CDMR</subfield>
    <subfield code="b">cat</subfield>
  </datafield>
  <datafield tag="245" ind1="0" ind2="4">
    <subfield code="a">The data journalism handbook</subfield>
    <subfield code="c">edited by Jonathan Gray, Liliana Bounegru and Lucy Chambers</subfield>
    <subfield code="h">[recurs electr&#xF2;nic]</subfield>
  </datafield>
  <datafield tag="260" ind1=" " ind2=" ">
    <subfield code="a">[s.n]</subfield>
    <subfield code="b">Data Driven Journalism</subfield>
    <subfield code="c">2011-</subfield>
  </datafield>
  <datafield tag="650" ind1="0" ind2="4">
    <subfield code="9">3238</subfield>
    <subfield code="a">Periodisme de precisi&#xF3;</subfield>
  </datafield>
  <datafield tag="700" ind1="1" ind2=" ">
    <subfield code="9">3439</subfield>
    <subfield code="a">Gray, Jonathan</subfield>
  </datafield>
  <datafield tag="700" ind1="1" ind2=" ">
    <subfield code="9">3440</subfield>
    <subfield code="a">Bounegru, Liliana</subfield>
  </datafield>
  <datafield tag="700" ind1="1" ind2=" ">
    <subfield code="9">3441</subfield>
    <subfield code="a">Chambers, Lucy</subfield>
    <subfield code="e">eds.</subfield>
  </datafield>
  <datafield tag="856" ind1="4" ind2="0">
    <subfield code="u">http://datajournalismhandbook.org/1.0/en/</subfield>
    <subfield code="y">Data Journalism Handbook</subfield>
    <subfield code="z">(Acc&#xE9;s lliure)</subfield>
  </datafield>
  <datafield tag="942" ind1=" " ind2=" ">
    <subfield code="2">udc</subfield>
    <subfield code="c">RECURS_WEB</subfield>
  </datafield>
  <datafield tag="999" ind1=" " ind2=" ">
    <subfield code="c">6269</subfield>
    <subfield code="d">6269</subfield>
  </datafield>
  <datafield tag="952" ind1=" " ind2=" ">
    <subfield code="0">0</subfield>
    <subfield code="1">0</subfield>
    <subfield code="4">0</subfield>
    <subfield code="7">0</subfield>
    <subfield code="a">CDMR</subfield>
    <subfield code="b">CDMR</subfield>
    <subfield code="d">2013-05-16</subfield>
    <subfield code="e">Donaci&#xF3;</subfield>
    <subfield code="l">0</subfield>
    <subfield code="o">Ca 1</subfield>
    <subfield code="p">CDMR13056441</subfield>
    <subfield code="r">2013-05-16</subfield>
    <subfield code="w">2013-05-16</subfield>
    <subfield code="y">RECURS_WEB</subfield>
  </datafield>
</record>
